Existuje pro poplatníka střednědobý horizont?

Otázky, či sú vytvorené podmienky na aspoň strednodobé plánovanie a optimalizáciu daňovej povinnosti z hľadiska daňového subjektu. Niektoré problémy z pohľadu daňového poplatníka. Otázka častých zmien daňovej legislatívy. Zaťaženie daňových subjektov výkazníctvom pre daňové účely. Problémy procesnéh...

Descrizione completa

Salvato in:
Dettagli Bibliografici
Autore principale: Vančurová, Alena
Natura: Capitolo di libro
Lingua:ceco
Soggetti:
Tags: Aggiungi Tag
Nessun Tag, puoi essere il primo ad aggiungerne!!

MARC

LEADER 00000naa a2200000 4500
001 r025588
005 20230922102446.0
041 0 |a cze 
044 |a CZ 
245 1 0 |a Existuje pro poplatníka střednědobý horizont?  |c A. Vančurová 
520 |a Otázky, či sú vytvorené podmienky na aspoň strednodobé plánovanie a optimalizáciu daňovej povinnosti z hľadiska daňového subjektu. Niektoré problémy z pohľadu daňového poplatníka. Otázka častých zmien daňovej legislatívy. Zaťaženie daňových subjektov výkazníctvom pre daňové účely. Problémy procesného charakteru. 
610 2 0 |a sústava daňová 
610 2 0 |a optimalizácia 
610 2 0 |a legislatíva 
610 2 0 |a daňovníci 
610 2 0 |a osoby fyzické 
610 2 0 |a Česko 
100 1 |a Vančurová, Alena